Dovolenka
Cieľom dovolenky je regenerácia a zotavenie zamestnancov. Zamestnancom má byť umožnené čerpať celú dovolenku v danom roku. Zásady čerpania dovolenky. Prerušenie dovolenky. Krátenie dovolenky. Náhrada mzdy za dovolenku.
Enregistré dans:
| Auteur principal: | |
|---|---|
| Format: | Chapitre de livre |
| Langue: | slovaque |
| Sujets: | |
| Tags: |
Pas de tags, Soyez le premier à ajouter un tag!
|
MARC
| LEADER | 00000naa a2200000 4500 | ||
|---|---|---|---|
| 001 | r032867 | ||
| 005 | 20230922130949.8 | ||
| 041 | 0 | |a slo | |
| 044 | |a SK | ||
| 245 | 1 | 0 | |a Dovolenka |c Anna Jendrálová |
| 520 | |a Cieľom dovolenky je regenerácia a zotavenie zamestnancov. Zamestnancom má byť umožnené čerpať celú dovolenku v danom roku. Zásady čerpania dovolenky. Prerušenie dovolenky. Krátenie dovolenky. Náhrada mzdy za dovolenku. | ||
| 610 | 2 | 0 | |a dovolenka |
| 610 | 2 | 0 | |a zamestnanci |
| 610 | 2 | 0 | |a zamestnávatelia |
| 610 | 2 | 0 | |a náhrada mzdy |
| 100 | 1 | |a Jendrálová, Anna | |